Lý thuyết đàn hồi ứng dụng /
Lý thuyết ứng suất; Lý thuyết biến dạng; Quan hệ giữa ứng suất và biến dạng; Đường lối chung giải bài toán lý thuyết đàn hồi; Bài toán phẳng trong toạ độ vuông góc; Bài toán giải trong hệ toạ độ độc cực...
Tallennettuna:
| Päätekijä: | |
|---|---|
| Aineistotyyppi: | Kirja |
| Kieli: | Vietnamese |
| Julkaistu: |
Ninh Bình :
Giáo dục,
1999.
|
| Aiheet: | |
| Tagit: |
Lisää tagi
Ei tageja, Lisää ensimmäinen tagi!
|
| Thư viện lưu trữ: | Mạng thư viện Đại học Đà Nẵng |
|---|
| LEADER | 02241cam a2200445 a 4500 | ||
|---|---|---|---|
| 001 | 000043546 | ||
| 003 | 1523 | ||
| 005 | 20230314085639.0 | ||
| 008 | 010217b1999 vm 000 vie | ||
| 020 | |c 26500 | ||
| 040 | |a LRCC |c LRCC |d LRC | ||
| 041 | 0 | |a vie | |
| 082 | 1 | 4 | |a 531.38 |b NG-V |
| 100 | 1 | |a Nguyễn Văn Vượng. | |
| 245 | 1 | 0 | |a Lý thuyết đàn hồi ứng dụng / |c Nguyễn Văn Vượng. |
| 264 | 1 | |a Ninh Bình : |b Giáo dục, |c 1999. | |
| 300 | |a 300 tr. ; |c 27 cm. | ||
| 520 | 3 | |a Lý thuyết ứng suất; Lý thuyết biến dạng; Quan hệ giữa ứng suất và biến dạng; Đường lối chung giải bài toán lý thuyết đàn hồi; Bài toán phẳng trong toạ độ vuông góc; Bài toán giải trong hệ toạ độ độc cực... | |
| 526 | 0 | |a Công nghệ chế tạo máy | |
| 526 | 0 | |a Kỹ thuật cơ điện tử | |
| 630 | 0 | 4 | |a Cơ học. |
| 630 | 0 | 4 | |a Vật lý. |
| 630 | 0 | 4 | |a Đàn hồi. |
| 630 | 0 | 4 | |a Đàn hồi ứng dụng. |
| 650 | 0 | 4 | |a Cơ học ứng dụng |x Lý thuyết. |
| 650 | 0 | 4 | |a Đàn hồi ứng dụng. |
| 910 | |a HTTSUONG | ||
| OWN | |a DUT | ||
| AVA | |a UDN50 |b DUT |c Book |d 531.38 NG-V |e check_holdings |t Error 5003 Not defined in file expand_doc_bib_avail. |h N |j SH |k 1 | ||
| Z40 | 3 | |y Lý thuyết đàn hồi ứng dụng |l Library of DUT |t VIEW |x http://catalog.udn.vn:80/F?func=service&doc_library=UDN01&local_base=UDN01&doc_number=000043546&sequence=000001&line_number=0001&func_code=DB_RECORDS&service_type=MEDIA |f 6.SA.43546.Lythuyetdanhoi_000022008.pdf |e pdf |s 078892514 |k 20230314 |m HTTSUONG | |
| 999 | |a From the UDN01 | ||
| AVA | |a UDN50 |b DUT |c Book |d 531.38 NG-V |e available |t Error 5001 Not defined in file expand_doc_bib_avail. |f 54 |g 4 |h N |i 17 |j SH |k 1 | ||
| TYP | |a Monograph | ||
| TYP | |a Printed language | ||
| 856 | |y Lý thuyết đàn hồi ứng dụng |l Library of DUT |t VIEW |x http://catalog.udn.vn:80/F?func=service&doc_library=UDN01&local_base=UDN01&doc_number=000043546&sequence=000001&line_number=0001&func_code=DB_RECORDS&service_type=MEDIA |f 6.SA.43546.Lythuyetdanhoi_000022008.pdf |e pdf |s 078892514 |k 20230314 |m HTTSUONG | ||
| 980 | |a Mạng thư viện Đại học Đà Nẵng | ||